01139nam a22001457a 450000500170000000800410001701500180005805000140007610000030009024500490009326000400014230000180018250000190020050507740021920240724112123.0240724b ||||| |||| 00| 0 eng d q9788120705654 aLB1055.K8  aAdavnce educational psychologycB Kuppuswamy aNew DelhibSterling publisherc1991 aF11 p,:c22cm aincludes index aContents: The scope of educational psychology -- Educational psychology in ancient India -- Nature and factors of growth -- Stage and aspects of growth -- Nature and process of learning -- Motivation and learning -- Development of motor skills and knowledge -- Development of perception of conception -- Development of interest and attitudes -- Psychology of individual differences -- Theories of intelligence -- Measurement of intelligences -- Educational measurement and evaluation -- The backward children -- Educating the gifted child -- Development and assessment of personality -- Psychoanalysis and education -- Group process in the classroom -- Mental hygiene in education -- Maladjusted child -- Psychology of discipline -- Educational and vocational guidance